[Event "Washington Class Championships"]
[Site "Seattle, WA"]
[Date "2015.11.29"]
[Round "5"]
[White "Gao Jaden  (WA)"]
[Black "Little Jack  (WA)"]
[Result "1-0"]
[WhiteElo "1078"]
[BlackElo "1320"]
[Annotator ""]
[Source ""]
[Remark "Class D"]

1.e4 e5 2.Nf3 Nc6 3.Bc4 Bc5 4.c3 Nf6 5.d4 exd4 6.cxd4 Bb4+ 7.Bd2
Bxd2+ 8.Nbxd2 d5 9.exd5 Nxd5 10.O-O O-O 11.h3 Be6 12.Ne4 h6 13.Nc5
b6 14.Nxe6 fxe6 15.Qa4 Qd6 16.Rac1 a6 17.Bxd5 b5 18.Qc2 Nb4 19.Qxc7
Qxc7 20.Bxe6+ Qf7 21.Bxf7+ Rxf7 22.a3 Nd3 23.Rc2 Rf6 24.Rd1 Nf4
25.Ne5 Rd8 26.Nc6 Rdd6 27.d5 Kh7 28.Ne7 Rd7 29.g3 Nxh3+ 30.Kg2
Rxf2+ 31.Rxf2 Nxf2 32.Kxf2 Rxe7 33.d6 Rd7 34.Kf3 Kg6 35.Kf4 Kf6
36.g4 g5+ 37.Ke4 Ke6 38.Rh1 Rh7 39.Rd1 Rd7 40.Rh1 Rxd6 41.Rxh6+
Ke7 42.Rxd6 Kxd6 43.Kf5 Kd5 44.Kxg5 Ke5 45.Kh6 Kd4 46.g5 Kc4
47.g6 Kb3 48.g7 Kxb2 49.g8Q Kxa3 50.Qa8 b4 51.Qxa6+ Kb3 52.Qe6+
Kb2 53.Kg5 b3 54.Qe2+ Ka3 {From here, moves are missing, but eventually, White wins.}
 1-0

[Event "Washington Class Championships"]
[Site "Seattle, WA"]
[Date "2015.11.29"]
[Round "5"]
[White "Sherrard Jerry  (OR)"]
[Black "Salmon Neil  (WA)"]
[Result "1-0"]
[WhiteElo "2066"]
[BlackElo "2200"]
[Annotator ""]
[Source ""]
[Remark "Master"]

1.e4 c5 2.Nf3 d6 3.d4 cxd4 4.Nxd4 Nf6 5.Nc3 g6 6.Be3 Bg7 7.f3
O-O 8.Qd2 Nc6 9.O-O-O Nxd4 10.Bxd4 Be6 11.Kb1 Re8 12.Bb5 Rf8
13.Be2 Re8 14.g4 Qa5 15.h4 Rec8 16.a3 Rab8 17.h5 b5 18.hxg6 hxg6
19.g5 Nd7 20.Bxg7 Kxg7 21.Qd4+ f6 22.gxf6+ Nxf6 23.e5 dxe5 24.Qxe5
Bf7 25.Rh4 ( 25.Nd5 ) Qc7 26.Qe3 Rh8 27.Rxh8 Rxh8 28.Nxb5 Qb6
29.Qxb6 axb6 30.Nc3 Rh2 31.Ba6 Be6 32.Re1 Kf7 33.Bb7 Rd2 34.Kc1
Rd7 35.Bc8 Rd6 36.Ba6 Rd4 37.Bb7 g5 38.Nb5 Rd8 39.c3 Rh8 40.Nd4
Bd7 41.Bc6 Bc8 42.Re5 Rh1+ 43.Kc2 Rh2+ 44.Kb3 g4 45.fxg4 Nxg4
46.Re2 e5 47.Bd5+ Ke7 48.Rxh2 Nxh2 49.Ne2 Nf1 50.c4 Bf5 51.Kc3
Kd6 52.b4 Bg6 53.a4 Be8 54.a5 bxa5 55.bxa5 Ne3 56.Bg8 Kc5 57.Nc1
Bg6 58.Nd3+ Kd6 59.c5+ Kc6 60.a6 Be4 61.Bf7 Ng4 62.Be8+ Kc7 63.Nb4
Nf6 64.Bf7 Bg2 65.Be6 Ne4+ 66.Kc4 Nd2+ 67.Kd3 1-0

[Event "Washington Class Championships"]
[Site "Seattle, WA"]
[Date "2015.11.29"]
[Round "6"]
[White "Weller Stephen  (WA)"]
[Black "Haining Breck  (WA)"]
[Result "0-1"]
[WhiteElo "1185"]
[BlackElo "1345"]
[Annotator ""]
[Source ""]
[Remark "Class D"]

1.e4 g6 2.d4 Bg7 3.Nf3 d6 4.Be3 Nf6 5.Bd3 Ng4 6.Qd2 Nxe3 7.Qxe3
O-O 8.Nc3 Nd7 9.O-O a6 10.a4 c5 11.a5 Rb8 12.Rfe1 cxd4 13.Nxd4
Ne5 14.Nd5 Nc6 15.Nxc6 bxc6 16.Nb6 Bb7 17.c3 e6 18.f4 Qc7 19.Qe2
d5 20.e5 Rfd8 21.c4 c5 22.cxd5 exd5 23.Bxa6 c4 24.Bxb7 Rxb7 25.Rad1
Qc5+ 26.Kh1 Qxa5 27.Nxc4 dxc4 28.Qxc4 Rxd1 29.Rxd1 Qc7 30.Qa6
Bf8 0-1

[Event "Washington Class Championships"]
[Site "Seattle, WA"]
[Date "2015.11.29"]
[Round "6"]
[White "Gao Jaden  (WA)"]
[Black "Humphrey David  (WA)"]
[Result "1/2-1/2"]
[WhiteElo "1078"]
[BlackElo "1204"]
[Annotator ""]
[Source ""]
[Remark "Class D"]

1.e4 c5 2.Nf3 d6 3.d4 cxd4 4.Nxd4 Bd7 5.Nc3 g6 6.Be3 Bg7 7.Qd2
Nf6 8.Be2 a6 9.Bh6 O-O 10.Bxg7 Kxg7 11.O-O-O Nc6 12.h4 h5 13.Nd5
Nxd5 14.exd5 Nxd4 15.Qxd4+ Kh7 16.g4 hxg4 17.Bxg4 f6 18.h5 g5
19.Rde1 f5 20.h6 Rf6 21.Be2 e5 22.dxe6 Bxe6 23.Reg1 g4 24.Bd3
Rg6 25.f3 Qg5+ 26.f4 Qe7 27.Re1 Qd7 28.Rh5 Rag8 29.Reh1 d5 30.Qe5
g3 31.Rxf5 Bxf5 32.Bxf5 Qf7 33.Bxg6+ Rxg6 34.f5 Rg5 35.Qf4 Rxf5
36.Qxg3 Rf1+ 1/2-1/2

[Event "Washington Class Championships"]
[Site "Seattle, WA"]
[Date "2015.11.29"]
[Round "6"]
[White "Chivers Roman  (WA)"]
[Black "Ewig Sarah  (WA)"]
[Result "1-0"]
[WhiteElo "693"]
[BlackElo "636"]
[Annotator ""]
[Source ""]
[Remark "Class E"]

1.e4 c5 2.Nf3 d6 3.d4 cxd4 4.Nxd4 Nf6 5.Nc3 a6 6.Bg5 e6 7.Bc4
h6 8.Bh4 Be7 9.O-O Bd7 10.f4 O-O 11.e5 dxe5 12.fxe5 Ng4 13.Bxe7
Qxe7 14.Qxg4 Rc8 15.Bd3 Qb4 16.Qf3 Qxd4+ 17.Rf2 Nc6 18.Qxf7+
Kh8 19.Qg6 Qxf2+ 20.Kxf2 Rf8+ 21.Kg1 Kg8 22.Qh7+ Kf7 23.Rf1+
Ke7 24.Qxg7+ Kd8 25.Rxf8+ Kc7 26.Rxa8 h5 27.Re8 h4 28.Rxe6 h3
29.Rd6 hxg2 30.Nd5+ Kb8 31.Rxd7 Nd8 32.Qf8 Ka7 33.Qxd8 a5 34.Qb6+
Kb8 35.Qxb7# 1-0

[Event "Washington Class Championships"]
[Site "Seattle, WA"]
[Date "2015.11.29"]
[Round "6"]
[White "MacGregor Logan  (WA)"]
[Black "Chalasani Sujatha  (WA)"]
[Result "1-0"]
[WhiteElo "1556"]
[BlackElo "1420"]
[Annotator ""]
[Source ""]
[Remark "Class C"]

1.e4 e5 2.Nf3 Nc6 3.d4 exd4 4.Bc4 h6 5.O-O Bc5 6.c3 dxc3 7.Bxf7+
Kxf7 8.Qd5+ Ke8 9.Qxc5 d6 10.Qh5+ Kf8 11.e5 dxe5 12.Nxe5 Nxe5
13.Qxe5 cxb2 14.Bxb2 Nf6 15.Ba3+ Kf7 16.Nc3 Re8 17.Qf4 c6 18.Rad1
Qa5 19.Bb2 Bg4 20.f3 Bf5 21.Ne4 Bxe4 22.fxe4 Re6 23.e5 Qxa2 24.Ba1
Rg8 25.exf6 gxf6 26.Qc7+ Kg6 27.Qg3+ Kh7 28.Rd7+ Kh8 29.Qh3 Rg6
30.Rfd1 Re2 31.Rd8+ Kh7 32.R1d7+ Rg7 33.Qf5# 1-0

[Event "Washington Class Championships"]
[Site "Seattle, WA"]
[Date "2015.11.29"]
[Round "6"]
[White "Smith Catherine M  (WA)"]
[Black "Hendricks David  (WA)"]
[Result "1-0"]
[WhiteElo "1640"]
[BlackElo "1670"]
[Annotator ""]
[Source ""]
[Remark "Class B"]

1.e4 c5 2.Nf3 Nc6 3.Nc3 e6 4.Bb5 Nge7 5.O-O a6 6.Bxc6 Nxc6 7.d3
Be7 8.h3 O-O 9.Bd2 b5 10.Ne2 d5 11.exd5 exd5 12.Re1 Re8 13.Bf4
d4 14.Qd2 Bb7 15.Bg5 f6 16.Bf4 Bd6 17.Bxd6 Qxd6 18.c3 dxc3 19.bxc3
Ne5 20.Nxe5 Rxe5 21.Ng3 Rae8 22.Rxe5 Rxe5 23.Kf1 Qd5 24.f3 Kf7
25.Re1 Qd6 26.Rxe5 Qxe5 27.Kf2 a5 28.Ne4 h6 29.d4 cxd4 30.Qxd4
Qxd4+ 31.cxd4 b4 {??} 32.Nd6+ Ke6 33.Nxb7 Kd5 34.Nxa5 Kxd4 35.Nc6+
Kc3 36.Ke3 f5 37.Kf4 b3 38.axb3 Kxb3 39.Kxf5 1-0

[Event "Washington Class Championships"]
[Site "Seattle, WA"]
[Date "2015.11.29"]
[Round "6"]
[White "Rajesh Anirudh  (WA)"]
[Black "Wang Jonathan  (WA)"]
[Result "1-0"]
[WhiteElo "935"]
[BlackElo "556"]
[Annotator ""]
[Source ""]
[Remark "Class D"]

1.d4 d5 2.c4 e6 3.Nc3 Nf6 4.Nf3 c5 5.e3 Nc6 6.cxd5 exd5 7.Be2
Be6 8.O-O cxd4 9.Nxd4 Nxd4 10.Qxd4 Bd6 11.b3 O-O 12.Bb2 b6 13.Qd2
Bg4 14.Bxg4 Nxg4 15.g3 Qg5 16.Qxd5 Qh6 17.Qg2 Be5 18.Rab1 Rac8
19.Nd5 Bxb2 20.Ne7+ Kh8 21.Nxc8 Rxc8 22.Rxb2 g6 23.h4 g5 24.Qh3
f5 25.Re2 Qh5 26.f3 Nh6 27.Ref2 gxh4 28.Qxh4 Qxh4 29.gxh4 Re8
{Useful scorekeeping ends here, but it appears there were a half dozen or more move pairs before the game was over.}
 1-0

[Event "Washington Class Championships"]
[Site "Seattle, WA"]
[Date "2015.11.29"]
[Round "6"]
[White "Munkh-Erdene Munkhbileg  (WA)"]
[Black "Smith Andrew M  (WA)"]
[Result "0-1"]
[WhiteElo "1312"]
[BlackElo "1243"]
[Annotator ""]
[Source ""]
[Remark "Class D"]

1.e4 c5 2.Nf3 g6 3.d4 cxd4 4.Qxd4 Nf6 5.e5 Nc6 6.Qc4 d5 7.exd6
exd6 8.Bg5 Bg7 9.Nc3 O-O 10.Be2 Bf5 11.Qb3 Qd7 12.O-O Rfe8 13.Rad1
Rac8 14.Bd3 Bxd3 15.Rxd3 a6 16.Bxf6 Bxf6 17.Nd5 Qf5 18.Nxf6+
Qxf6 19.Qxb7 Ne5 20.Nxe5 dxe5 21.Rf3 Qe6 22.Qb3 Qxb3 23.Rxb3
Rxc2 24.g3 Rd8 25.Rb6 Rdd2 26.Rxa6 Rxb2 27.a4 Kg7 28.Kg2 e4 29.a5
e3 30.Re1 Rxf2+ 31.Kh3 Rxh2+ 32.Kg4 e2 33.Kf3 Rb3+ 34.Kf4 Rf2+
35.Ke4 Rxg3 36.Ra8 f5+ 37.Kd4 f4 38.Re8 Ra3 39.a6 f3 40.a7 Rxa7
41.Ke3 Rf1 42.Rc1 Ra3+ 43.Kd2 Ra2+ 44.Kd3 Rxc1 45.Re7+ Kf6 46.Rb7
e1Q 47.Rb6+ Kf5 48.Rb5+ Kf4 49.Re5 Qc3# 0-1

[Event "Washington Class Championships"]
[Site "Seattle, WA"]
[Date "2015.11.29"]
[Round "6"]
[White "Zhang Zachary  (WA)"]
[Black "Deng Samuel  (WA)"]
[Result "1-0"]
[WhiteElo "1697"]
[BlackElo "1644"]
[Annotator ""]
[Source ""]
[Remark "Class B"]

1.d4 Nf6 2.Nf3 e6 3.Bf4 b6 4.e3 Be7 5.h3 c5 6.c3 O-O 7.Nbd2 Ba6
8.Bxa6 Nxa6 9.O-O d5 10.Ne5 Qc8 11.Qa4 Nb8 12.Rfc1 Nfd7 13.b4
Nxe5 14.Bxe5 Nd7 15.Bg3 c4 16.Qd1 f5 17.Qe2 Bg5 18.Bf4 Bxf4 19.exf4
Rf6 20.Re1 a6 21.Nf3 h6 22.Ne5 Nf8 23.a4 Ra7 24.Qh5 Kh7 25.Re3
g6 26.Qh4 Kg7 27.g4 Nh7 28.g5 hxg5 29.fxg5 Rf8 30.Qh6+ Kg8 31.Qxg6+
Rg7 32.Qh6 f4 33.Ree1 Rxg5+ 34.Kh2 Rf6 35.Qh4 f3 36.Rg1 Rg2+
37.Rxg2+ fxg2 38.Kxg2 Kh8 39.Rg1 Qf8 40.Kh1 Qe8 41.Qg4 Qf8 42.Ng6+
Rxg6 43.Qxg6 Qf3+ 44.Qg2 Qf7 45.Qg3 Qf8 46.Qe5+ Nf6 47.Rg6 1-0

[Event "Washington Class Championships"]
[Site "Seattle, WA"]
[Date "2015.11.29"]
[Round "6"]
[White "Schill William  (WA)"]
[Black "Tiglon Bryce  (WA)"]
[Result "1-0"]
[WhiteElo "2265"]
[BlackElo "2337"]
[Annotator ""]
[Source ""]
[Remark "Master"]

1.e4 c5 2.Nf3 d6 3.d4 cxd4 4.Nxd4 Nf6 5.Nc3 a6 6.Bg5 Nbd7 7.Qe2
g6 8.O-O-O Bg7 9.h4 h6 10.Bxf6 Bxf6 11.h5 gxh5 12.f4 e6 13.Qxh5
Qb6 14.Na4 Qb4 15.Nxe6 Qxa4 16.Nc7+ Kd8 17.Nxa8 Qxa2 18.c3 Qa1+
19.Kc2 Qa4+ 20.Kb1 Bxc3 21.Rh3 Qxe4+ 22.Rhd3 Bb4 23.Qh4+ Qe7
24.Qf2 Bc5 25.Qd2 Qe4 26.Re1 Qb4 27.Qe2 d5 28.Rxd5 Bd6 29.g3
b6 30.Red1 Re8 31.Qd3 Bb7 32.Rd4 Be4 33.Rxb4 Bxb4 34.Bh3 Bxd3+
35.Rxd3 Re1+ 36.Ka2 Bc5 37.Rxd7+ Ke8 38.Nc7+ Kf8 39.f5 Re3 40.f6
Kg8 41.Rd8+ Bf8 42.Nd5 1-0

[Event "Washington Class Championships"]
[Site "Seattle, WA"]
[Date "2015.11.29"]
[Round "6"]
[White "Kam Ethan  (WA)"]
[Black "Thyada Paramesh  (WA)"]
[Result "1-0"]
[WhiteElo "1174"]
[BlackElo "913"]
[Annotator ""]
[Source ""]
[Remark "Class D"]

1.e4 e5 2.Nf3 Nc6 3.d4 exd4 4.Bc4 h6 5.O-O Bc5 6.Nbd2 d6 7.h3
Nge7 8.Nb3 Bb6 9.Nbxd4 O-O 10.Be3 Ne5 11.Bb3 c5 12.Nxe5 dxe5
13.Nf3 Qc7 14.Qe2 Kh8 15.Rad1 f5 16.Ng5 Rf6 17.Qh5 c4 18.Bxc4
Qxc4 19.Bxb6 axb6 20.Rd8+ Ng8 21.b3 Qc7 22.Rfd1 fxe4 23.Qe8 Be6
24.Nxe6 Rxd8 25.Nxd8 Qxc2 26.Rf1 Qd2 27.Nf7+ Kh7 28.Nxe5 e3 29.Nc4
exf2+ 30.Kh1 Qd3 31.Ne3 Qd2 32.Qe4+ Kh8 33.Ng4 Rf7 34.Ne5 Rf6
35.Ng4 Rf8 36.Ne5 Nf6 37.Ng6+ Kg8 38.Qe6+ Rf7 39.Ne7+ Kf8 40.Ng6+
Kg8 41.Ne5 Qg5 42.Qxf7+ Kh7 43.Qc4 Qf5 44.Qd3 Qxd3 45.Nxd3 Ne4
46.Rxf2 Nxf2+ 47.Nxf2 Kg6 48.Ne4 1-0

[Event "Washington Class Championships"]
[Site "Seattle, WA"]
[Date "2015.11.29"]
[Round "6"]
[White "Dee Jimmy  (WA)"]
[Black "Pogrebinsky Ethan  (WA)"]
[Result "0-1"]
[WhiteElo "1053"]
[BlackElo "1372"]
[Annotator ""]
[Source ""]
[Remark "Class C"]

1.d4 d5 2.c4 e6 3.Nf3 Nf6 4.Nc3 Bb4 5.Qb3 c5 6.a3 Bxc3+ 7.bxc3
b6 8.Bf4 Nbd7 9.e3 Bb7 10.Bd3 a6 11.O-O b5 12.Bc2 cxd4 13.cxb5
dxe3 14.Bxe3 axb5 15.Qxb5 Ba6 16.Qc6 Bxf1 17.Kxf1 O-O 18.Qd6
Qc8 19.Bd4 Qa6+ 20.Qxa6 Rxa6 21.Ne5 Nxe5 22.Bxe5 Rfa8 23.Rb1
Rxa3 24.Bd3 Ra1 25.Rxa1 Rxa1+ 26.Ke2 Ra2+ 27.Kf3 Ne4 28.Bxe4
dxe4+ 29.Kxe4 Rxf2 30.g3 Rxh2 31.Kd4 Rd2+ 32.Kc4 f6 33.Bf4 Rc2
34.Kb4 e5 35.Be3 Kf8 36.c4 Ke8 37.Kb5 Rc3 38.Bf2 Kd7 39.c5 Rf3
40.c6+ Kc7 41.Bb6+ Kc8 42.c7 Rb3+ 43.Ka6 Rxb6+ 44.Kxb6 e4 0-1

[Event "Washington Class Championships"]
[Site "Seattle, WA"]
[Date "2015.11.29"]
[Round "6"]
[White "Davis Frederick  (WA)"]
[Black "Baxter Brent  (WA)"]
[Result "1/2-1/2"]
[WhiteElo "1823"]
[BlackElo "1891"]
[Annotator ""]
[Source ""]
[Remark "Class A"]

1.e4 c6 2.d4 d5 3.exd5 cxd5 4.c4 Nf6 5.Nc3 Nc6 6.Bg5 Ne4 7.Nxe4
dxe4 8.d5 Ne5 9.Qd4 Nd3+ 10.Bxd3 exd3 11.Qxd3 h6 12.Bh4 g5 13.Qc3
Rg8 14.Bg3 Bg7 15.Be5 Bxe5 16.Qxe5 Qa5+ 17.Kf1 Bg4 18.h3 Bd7
19.Ne2 f6 20.Qc3 Qxc3 21.Nxc3 Rc8 22.b3 b5 23.Nxb5 Bxb5 24.cxb5
Rb8 25.Ke2 Rxb5 26.Rhd1 Kd7 27.Rac1 Ra5 28.Rd2 g4 29.h4 Rb8 30.Rc4
h5 31.Rdc2 Rbb5 32.Rd2 Rxd5 33.Rxd5+ Rxd5 34.Ra4 a5 35.Ke3 Kc6
36.Rd4 Rc5 37.Kd3 Rf5 38.Ke3 Rc5 39.Kd3 Rf5 40.Ke3 Rc5 1/2-1/2

[Event "Washington Class Championships"]
[Site "Seattle, WA"]
[Date "2015.11.29"]
[Round "6"]
[White "Barua Aniruddha  (WA)"]
[Black "Myers Russell  (WA)"]
[Result "1-0"]
[WhiteElo "1184"]
[BlackElo "759"]
[Annotator ""]
[Source ""]
[Remark "Class E"]

1.d4 Nf6 2.c4 g6 3.Nc3 Bg7 4.Nf3 O-O 5.Bf4 d6 6.e3 Bf5 7.Bd3
Bxd3 8.Qxd3 Re8 9.O-O Nfd7 10.d5 a5 11.Ne4 c6 12.Rab1 cxd5 13.cxd5
Na6 14.a3 Nac5 15.Nxc5 dxc5 16.e4 b6 17.a4 Nf8 18.Rfd1 Qd7 19.Qb3
Qg4 20.Qe3 Qd7 21.b3 Rad8 22.e5 e6 23.d6 f6 24.h3 g5 25.Bg3 Ng6
26.exf6 Bxf6 27.Nxg5 Bxg5 28.Qxg5 e5 29.Rd5 Qg7 30.Rbd1 h6 31.Qg4
Rd7 32.Qc4 Re6 33.Rxe5 Kh7 34.Rxe6 Nf8 35.Qe4+ Kh8 36.Be5 Nxe6
37.Bxg7+ Nxg7 38.Qg6 Kg8 39.Re1 Rd8 40.d7 Kf8 41.Qf6+ Kg8 42.Re7
Nh5 43.Qg6+ Kf8 44.Qf7# 1-0

[Event "Washington Class Championships"]
[Site "Seattle, WA"]
[Date "2015.11.29"]
[Round "6"]
[White "Pupols Viktors  (WA)"]
[Black "Roring Tres  (OR)"]
[Result "1/2-1/2"]
[WhiteElo "2213"]
[BlackElo "2083"]
[Annotator ""]
[Source ""]
[Remark "Master"]

1.d4 Nf6 2.c4 e6 3.Bg5 Bb4+ 4.Nd2 h6 5.Bh4 c5 6.a3 Bxd2+ 7.Qxd2
g5 8.Bg3 Ne4 9.Qc2 Nxg3 10.hxg3 cxd4 11.Nf3 Qf6 12.Rd1 Nc6 13.Nd2
d6 14.Ne4 Qe7 15.Qc1 f6 16.f3 Bd7 17.e3 f5 18.Nf2 e5 19.Bd3 O-O-O
20.e4 f4 21.g4 Rh7 22.Ke2 Rdh8 23.Rh2 h5 24.gxh5 Rxh5 25.Rxh5
Rxh5 26.Rh1 Rh4 27.Rxh4 gxh4 28.Kd2 b6 29.b4 Kb8 30.Bf1 Be6 31.Qc2
Qc7 32.Nd3 a5 33.Kc1 axb4 34.axb4 Qa7 35.Kb2 Kc7 36.b5 Nd8 37.Nb4
Qa5 38.Qb3 Nb7 39.Qa3 Qxa3+ 40.Kxa3 Na5 41.Na6+ Kc8 42.Kb4 Nb7
43.Kb3 Nc5+ 44.Nxc5 dxc5 45.Kc2 Kd7 46.Kd2 Ke7 47.Ke1 Kf6 48.Kf2
Kg5 49.Kg1 h3 50.gxh3 Kh4 51.Kf2 Bxh3 52.Bd3 Be6 53.Be2 Kh3 54.Bd3
Kh2 55.Be2 Bh3 56.Bd3 Bg2 57.Be2 Kh1 58.Bd3 1/2-1/2

[Event "Washington Class Championships"]
[Site "Seattle, WA"]
[Date "2015.11.29"]
[Round "6"]
[White "Piper August  (WA)"]
[Black "Smolak Frederick  (WA)"]
[Result "0-1"]
[WhiteElo "1500"]
[BlackElo "1389"]
[Annotator ""]
[Source ""]
[Remark "Clss C"]

1.g3 Nf6 2.Nf3 d5 3.c4 e6 4.Bg2 Be7 5.a3 a5 6.b3 O-O 7.Bb2 Nbd7
8.d3 b6 9.Nbd2 dxc4 10.Nd4 Ra6 11.bxc4 Nc5 12.Nc6 Qe8 13.Nxe7+
Qxe7 14.d4 Bb7 15.O-O Bxg2 16.Kxg2 Nb7 17.e4 Raa8 18.e5 Nd7 19.Qf3
Ra7 20.Rfe1 Nd8 21.d5 Nc5 22.Ne4 Nxe4 23.Rxe4 Rb7 24.Rd1 b5 25.d6
Qd7 26.c5 Nc6 27.Rh4 b4 28.a4 b3 29.Rd3 Rfb8 30.Qh5 h6 31.Rg4
Rb4 32.f4 Kh8 33.Rh4 Rxa4 34.Qf3 Ra2 35.Rxb3 Rxb2+ 36.Rxb2 Rxb2+
37.Kh3 Rb5 38.Qe3 Na7 39.g4 a4 40.Qe4 Rb3+ 41.Kg2 Qc6 42.Qxc6
Nxc6 43.dxc7 Ne7 44.g5 a3 45.gxh6 a2 46.hxg7+ Kxg7 47.Rg4+ Kf8
48.Rh4 a1Q 49.Rh8+ Kg7 50.Re8 Qa2+ 0-1

[Event "Washington Class Championships"]
[Site "Seattle, WA"]
[Date "2015.11.29"]
[Round "6"]
[White "Haining Karen  (WA)"]
[Black "Little Jack  (WA)"]
[Result "1-0"]
[WhiteElo "1255"]
[BlackElo "1320"]
[Annotator ""]
[Source ""]
[Remark "Class D"]

1.e4 e5 2.Nf3 Nc6 3.Bb5 Nf6 4.d3 d5 5.exd5 Qxd5 6.Nc3 Bb4 7.Bxc6+
Qxc6 8.Bd2 O-O 9.O-O Bg4 10.Nxe5 Bxd1 11.Nxc6 Bxc3 12.Bxc3 Bxc2
13.Nb4 Ba4 14.Bxf6 gxf6 15.Nd5 Rad8 16.Nxf6+ Kg7 17.Ne4 Bc2 18.Rfc1
Bxd3 19.Nc5 c6 20.Nxb7 Rd5 21.Rxc6 Rb8 22.Rc7 Bg6 23.b3 Re8 24.Rcc1
Re2 25.Re1 Rb2 26.Re3 Rdd2 27.a3 Rxf2 28.Rg3 Kf8 29.Na5 Be4 30.Re1
Ba8 31.h3 Rxg2+ 32.Rxg2 Rxg2+ 33.Kf1 Rg5 34.Nc4 Bg2+ 35.Kf2 Bxh3
36.Rh1 Bf5 37.Ne3 Kg7 38.Rc1 Be6 39.Rc7 a5 40.b4 axb4 41.axb4
Rb5 42.Nc2 Bf5 43.Nd4 Rd5 44.Ke3 Bg6 45.b5 Rd8 46.Ne6+ Kf6 47.Nxd8
h5 48.Kf4 Kg7 49.b6 Kh6 50.b7 Kg7 51.b8Q Kh6 52.Nc6 Kg7 53.Ne5
h4 54.Nxg6 Kxg6 55.Qg8+ Kh5 56.Rxf7 h3 57.Rh7# 1-0

[Event "Washington Class Championships"]
[Site "Seattle, WA"]
[Date "2015.11.29"]
[Round "6"]
[White "Anand Vignesh  (WA)"]
[Black "Elisara Travis  (WA)"]
[Result "0-1"]
[WhiteElo "1525"]
[BlackElo "1557"]
[Annotator ""]
[Source ""]
[Remark "Class B"]

1.d4 Nf6 2.Nf3 g6 3.Bf4 Bg7 4.e3 O-O 5.Nbd2 d6 6.Be2 Nh5 7.Bg5
h6 8.Bh4 c5 9.c3 Re8 10.Qb3 Nd7 11.O-O g5 12.Nxg5 hxg5 13.Bxh5
e6 14.Bg3 d5 15.Rfd1 b6 16.Bf3 Bb7 17.h3 c4 18.Qc2 b5 19.b3 Nb6
20.Rab1 Bc6 21.e4 a5 22.bxc4 bxc4 23.exd5 Ba4 24.Qb2 Bxd1 25.Bxd1
Nxd5 26.Nxc4 f5 27.Bh5 Re7 28.Bd6 Rd7 29.Bc5 Rc7 30.Bf3 Rcc8
31.Bxd5 exd5 32.Ne3 Rab8 33.Qc2 f4 34.Nf5 Bf8 35.Nh6+ Kg7 36.Nf5+
Kf6 37.Bxf8 Qxf8 38.Re1 Re8 39.Rxe8 Rxe8 40.g4 fxg3 41.Nxg3 Re1+
42.Kg2 Qc8 43.Nh5+ Ke7 44.Qd2 Qe6 45.Qxg5+ Kd6 46.Qg3+ Kc6 47.Kh2
Qe4 48.Qg2 Qxg2+ 49.Kxg2 Ra1 50.a4 Rxa4 51.Nf6 Rc4 52.h4 a4 53.h5
Kd6 54.h6 Rc8 55.h7 Rh8 56.Kg3 a3 57.Kg4 a2 58.Kg5 a1Q 59.Kh6
Qg1 60.Nh5 Qg4 61.Nf6 Qe6 0-1

[Event "Washington Class Championships"]
[Site "Seattle, WA"]
[Date "2015.11.29"]
[Round "6"]
[White "Kuhner Mary  (WA)"]
[Black "Ramasamy Vikram  (WA)"]
[Result "0-1"]
[WhiteElo "1924"]
[BlackElo "1888"]
[Annotator ""]
[Source ""]
[Remark "Class A"]

1.e4 Nf6 2.e5 Nd5 3.Nf3 d6 4.d4 Bg4 5.Be2 e6 6.O-O Be7 7.c4 Nb6
8.b3 O-O 9.Bb2 dxe5 10.Nxe5 Bxe2 11.Qxe2 Bf6 12.Nd2 Bxe5 13.dxe5
Nc6 14.Ne4 Qh4 15.f4 Rad8 16.Qe3 Nb4 17.g3 Qh5 18.Qc3 Nd3 19.Ba3
Qe2 20.Nf2 Rfe8 21.Nxd3 Rxd3 22.Qe1 Qxe1 23.Rfxe1 Nxc4 24.Bc5
Nb6 25.Bxb6 axb6 26.Rac1 c6 27.Re2 Red8 28.Kf2 Kf8 29.Re3 Rd2+
30.Re2 Ke7 31.Ke1 R2d3 32.Kf2 R8d5 33.Re3 Rd2+ 34.Re2 Kd7 35.Ke3
R2d3+ 36.Kf2 c5 37.Re3 Rd2+ 38.Re2 Kc6 39.Rc2 Rxc2 40.Rxc2 b5
41.Ke3 b4 42.a4 Rd1 43.Rb2 Kd5 44.Ke2 Rc1 45.Rd2+ Kc6 46.g4 Rc3
47.f5 Rxb3 48.fxe6 fxe6 49.Rd6+ Kc7 50.Rxe6 c4 51.Rd6 Rb2+ 52.Kd1
Rxh2 53.Rd4 Rh1+ 54.Kc2 b3+ 55.Kb2 Rh2+ 56.Kb1 Re2 57.Rxc4+ Kb6
58.Rb4+ Ka6 59.Rb5 Re4 60.g5 Rxa4 61.Rd5 Re4 62.Kb2 Re3 63.Rd7
g6 64.Rxh7 Rxe5 65.Kxb3 Rxg5 66.Rf7 Rf5 67.Rg7 Rg5 68.Rg8 Rg4
69.Rg7 g5 70.Rg6+ Kb5 71.Rg7 Rg3+ 72.Kb2 b6 73.Rg6 g4 74.Rf6
Rf3 75.Rg6 g3 76.Rg4 Ka5 77.Ka2 b5 78.Kb2 b4 79.Rg8 Kb5 80.Kc2
b3+ 81.Kb2 Kc4 82.Rc8+ Kd3 83.Re8 g2 84.Rg8 Rf2+ 85.Kxb3 Ke2
86.Re8+ Kf1 87.Rc8 g1Q 0-1